Khajuraho:odyssey of stone poetry (Record no. 3951)

MARC details
000 -LEADER
fixed length control field 00440nam a22001817a 4500
003 - CONTROL NUMBER IDENTIFIER
control field OSt
005 - DATE AND TIME OF LATEST TRANSACTION
control field 20260306142139.0
008 - FIXED-LENGTH DATA ELEMENTS--GENERAL INFORMATION
fixed length control field 260306b |||||||| |||| 00| 0 eng d
020 ## - INTERNATIONAL STANDARD BOOK NUMBER
International Standard Book Number 9788198375926
082 ## - DEWEY DECIMAL CLASSIFICATION NUMBER
Classification number  954.2
Item number SHAK
100 ## - MAIN ENTRY--PERSONAL NAME
Personal name Sharma, Sadhish
245 ## - TITLE STATEMENT
Title Khajuraho:odyssey of stone poetry
260 ## - PUBLICATION, DISTRIBUTION, ETC.
Place of publication, distribution, etc. Chennai
Name of publisher, distributor, etc. Universal Publishing
Date of publication, distribution, etc. 2026
300 ## - PHYSICAL DESCRIPTION
Extent 176p
546 ## - LANGUAGE NOTE
Language note English
650 ## - SUBJECT ADDED ENTRY--TOPICAL TERM
Topical term or geographic name entry element History
942 ## - ADDED ENTRY ELEMENTS (KOHA)
Source of classification or shelving scheme Dewey Decimal Classification
Koha item type Book
Holdings
Withdrawn status Lost status Source of classification or shelving scheme Damaged status Not for loan Collection code Home library Current library Shelving location Date acquired Source of acquisition Cost, normal purchase price Inventory number Total Checkouts Full call number Barcode Date last seen Price effective from Koha item type
    Dewey Decimal Classification     Non-fiction RIC Library RIC Library General Stacks 03/06/2026 M/s Universal Publications 1590.00 #INV-25-26-160/ 25.02.202   954.2 SHAK 003228 03/06/2026 03/06/2026 Book

Venue

Rajasthan International Centre
Sansthan Path,JLN Marg, Jaipur- 302017
Phone: +91-7230904025